Second five-year economic, social and cultural development plan of Islamic Republic of Iran.
| Format: | Book |
|---|---|
| Published: |
Teheran:
Baradar Business Centre,
1995.
|
| Subjects: |
| LEADER | 00507cam a2200157 7i4500 | ||
|---|---|---|---|
| 001 | 0000003287 | ||
| 005 | 19991025090000.0 | ||
| 002 | ##000004644 | ||
| 020 | 0 | 0 | |a T000004231 |
| 090 | 0 | 0 | |a IRAN 338.9 |b SEC |
| 245 | 1 | 0 | |a Second five-year economic, social and cultural development plan of Islamic Republic of Iran. |
| 260 | 0 | 0 | |a Teheran: |b Baradar Business Centre, |c 1995. |
| 300 | 0 | 0 | |a 122 p.. |
| 650 | 0 | 0 | |a Economic policy# |a Economic conditions |
| 651 | 0 | 0 | |a Iran |
| 999 | |a 0000005359 |b Book |c Open shelf |e Business Information Centre | ||